000 00643nam a2200241Ia 4500
003 OSt
005 20221007063812.0
006 a|||||r|||| 00| 0
007 ta
008 221006b |||||||| |||| 00| 0 eng d
024 _a5,464
037 _cReference Collections
040 _aFLL
_cFLL
_beng
041 _2eng
_aeng
082 _aZ2q, C6
100 _aCranenburgh D.E. Au.
_9684777
245 0 _aCriminal court manual
250 _a11th
260 _aCalcutta
_bLaw Publisher India
_c1896
300 _a1099p
_ccm.
942 _hZ2q, C6
_cREF
_2CC
999 _c1132225
_d1132225